000 00675cab a2200217 4500
001 WB3117-31
008 090401t1995 xxu||||| |||| 00| 0 eng d
035 _a(Sirsi) u61302
041 _aeng
245 _aWoolwich in move to lift mortgages
260 _c1995
350 _a0
490 _aIndependent
_v4 May 1995, 32(1)
520 _aWoolwich Building Society has tried to kick-start the housing market by offering free estate agency services to borrowers who take out one of its mortgages.
650 _aESTATE AGENTS' COMMISSION
650 _aESTATE AGENTS FEES
650 _aESTATE AGENTS
690 _aHOUSING-FINANCE
942 _n0
948 _c04/03/1997
999 _c37948
_d37948